<?xml version="1.0" encoding="UTF-8"?>
<record
    xmlns:xsi="http://www.w3.org/2001/XMLSchema-instance"
    xsi:schemaLocation="http://www.loc.gov/MARC21/slim http://www.loc.gov/standards/marcxml/schema/MARC21slim.xsd"
    xmlns="http://www.loc.gov/MARC21/slim">

  <leader>01761nam a2200193 a 4500</leader>
  <controlfield tag="008">161215t2007    ag ||||g |||| 00| h spa d</controlfield>
  <datafield tag="020" ind1=" " ind2=" ">
    <subfield code="a">9789871093571</subfield>
  </datafield>
  <datafield tag="092" ind1=" " ind2=" ">
    <subfield code="c">812</subfield>
    <subfield code="l">78</subfield>
    <subfield code="s">SHA</subfield>
  </datafield>
  <datafield tag="100" ind1="1" ind2=" ">
    <subfield code="a">Shakespeare, William</subfield>
    <subfield code="9">3269</subfield>
  </datafield>
  <datafield tag="245" ind1=" " ind2=" ">
    <subfield code="a">Otelo /</subfield>
    <subfield code="c">William Shakespeare</subfield>
  </datafield>
  <datafield tag="250" ind1=" " ind2=" ">
    <subfield code="a">1a ed. 2a reimp.</subfield>
    <subfield code="b">Traducci&#xF3;n Sergio Albano</subfield>
  </datafield>
  <datafield tag="260" ind1=" " ind2=" ">
    <subfield code="a">Buenos Aires:</subfield>
    <subfield code="b">Gradifco;</subfield>
    <subfield code="c">2007.</subfield>
  </datafield>
  <datafield tag="300" ind1=" " ind2=" ">
    <subfield code="a">125 p.</subfield>
    <subfield code="c">19x12 cm.</subfield>
  </datafield>
  <datafield tag="500" ind1=" " ind2=" ">
    <subfield code="a">Shakespeare, W. (2007). Otelo. (1a ed.). Buenos Aires : Gr&#xE1;fico.</subfield>
  </datafield>
  <datafield tag="505" ind1=" " ind2=" ">
    <subfield code="a">En esta monumental obra de Shakespeare, vuelve a plantearse el problema del amor y sus terribles desenlaces, como lo ha sido en Troilo y Cresida, Antonio y Cleopatra, y Romeo y Julieta. La tragedia de Otelo responde al precepto aristot&#xE9;lico del "reconocimiento" y cambio de fortuna que debe existir en toda tragedia para orientar su desenlace. Sin embargo, puede decirse que esto &#xFA;ltimo constituye una de los pocos acatamientos de Shakespeare a los c&#xE1;nones y modelos del teatro cl&#xE1;sico, ya que el autor de Otelo ha sido un verdadero revolucionario. El drama de Otelo es el drama de la manipulaci&#xF3;n, el servilismo, la confabulaci&#xF3;n, la mentira. Yago, vali&#xE9;ndose de la confianza de Otelo que bien supo ganar, teje una trama amorosa que har&#xE1; aparecer a Desd&#xE9;mona como culpable de traici&#xF3;n. Los hechos se despliegan luego en torno a esta estrategia urdida por Yago de la cual terminar&#xE1; siendo su victima. La mentira e cobrar&#xE1; numerosas vidas hasta el momento que &#xE9;sta es develada. Un pa&#xF1;uelo se transforma en la pieza clave que permitir&#xE1; pesquisar el origen de la mentira urdida por Yago pero, una vez descubierta, ser&#xE1; ya demasiado tarde. </subfield>
  </datafield>
  <datafield tag="590" ind1=" " ind2=" ">
    <subfield code="a">Proyecto 4to libro. Donaci&#xF3;n Camila Ledesma</subfield>
  </datafield>
  <datafield tag="655" ind1=" " ind2=" ">
    <subfield code="a">Teatro</subfield>
    <subfield code="9">3268</subfield>
  </datafield>
  <datafield tag="942" ind1=" " ind2=" ">
    <subfield code="2">ddc</subfield>
    <subfield code="c">LIT</subfield>
  </datafield>
  <datafield tag="999" ind1=" " ind2=" ">
    <subfield code="c">2434</subfield>
    <subfield code="d">2434</subfield>
  </datafield>
  <datafield tag="952" ind1=" " ind2=" ">
    <subfield code="0">0</subfield>
    <subfield code="1">0</subfield>
    <subfield code="2">ddc</subfield>
    <subfield code="4">0</subfield>
    <subfield code="7">0</subfield>
    <subfield code="a">BFM</subfield>
    <subfield code="b">BFM</subfield>
    <subfield code="c">CR</subfield>
    <subfield code="d">2017-09-01</subfield>
    <subfield code="e">Donaci&#xF3;n Camila Ledesma, Agosto 2017</subfield>
    <subfield code="l">2</subfield>
    <subfield code="o">812 84 SHA</subfield>
    <subfield code="p">3895</subfield>
    <subfield code="r">2018-06-26</subfield>
    <subfield code="s">2018-06-18</subfield>
    <subfield code="t">Ej.1</subfield>
    <subfield code="w">2017-09-01</subfield>
    <subfield code="y">LIT</subfield>
    <subfield code="z">Proyecto 4to Libro. Donaci&#xF3;n Camila Ledesma, Agosto 2017</subfield>
  </datafield>
</record>
